Normal görünüm MARC görünümü

Giriş Geographic Name

Kullanılan kayıt sayısı: 1

001 - CONTROL NUMBER

  • control field: 3547

003 - CONTROL NUMBER IDENTIFIER

  • control field: TR-AnABB

005 - DATE AND TIME OF LATEST TRANSACTION

  • control field: 20260424080948.0

008 - FIXED-LENGTH DATA ELEMENTS

  • fixed length control field: 260424|| aca||aabn | a|a d

040 ## - CATALOGING SOURCE

  • Original cataloging agency: TR-AnABB
  • Transcribing agency: TR-AnABB

151 ## - HEADING--GEOGRAPHIC NAME

  • Geographic name: Türk edebiyatı, tarih romanı

670 ## - SOURCE DATA FOUND

  • Source citation: Koha: (TR-AnABB)10308: Dikmen, Veysel 3191, Kayıp ruhlar cenneti /, 2010